[Event "28.Schlosspark-Open"]
[Site "Wiesbaden-Biebrich"]
[Date "2016.08.26"]
[Round "2.55"]
[White "Maleski, Heinz"]
[Black "Junker, Christian"]
[Result "0-1"]
[WhiteElo "1676"]
[BlackElo "1981"]
[PlyCount "54"]
[EventDate "2016.??.??"]
[WhiteTeam "SV Mainz-Mombach"]
[BlackTeam "SV Neu-Isenburg"]

1. d4 f5 2. Nf3 Nf6 3. Bf4 e6 4. e3 Be7 5. Be2 O-O 6. Nbd2 d5 7. O-O c6 8. c4
b6 9. cxd5 exd5 10. Bxb8 Rxb8 11. Ne5 Qc7 12. Rc1 c5 13. Ndf3 Bb7 14. Qa4 a6
15. dxc5 bxc5 16. Rfd1 Bd6 17. Nd3 Bc6 18. Qh4 c4 19. Nd4 cxd3 20. Rxc6 dxe2
21. Rb1 Rxb2 22. Re1 Qa5 23. f3 Bb4 24. Rcc1 Bxe1 25. Rxe1 Qb4 26. Qg3 Rb1 27.
Nc2 Rxe1+ 0-1

[Event "28.Schlosspark-Open"]
[Site "Wiesbaden-Biebrich"]
[Date "2016.08.26"]
[Round "2.56"]
[White "FrÃ¶mbgen, Andreas"]
[Black "Meyer, Marcel"]
[Result "1/2-1/2"]
[WhiteElo "1953"]
[BlackElo "1676"]
[PlyCount "69"]
[EventDate "2016.??.??"]
[WhiteTeam "SK Gau-Algesheim"]
[BlackTeam "SC Herborn"]

1. c4 b6 2. Nc3 Bb7 3. d4 Nf6 4. Nf3 e6 5. Bg5 Bb4 6. a3 Bxc3+ 7. bxc3 d6 8. e3
Nbd7 9. Be2 O-O 10. O-O Qc8 11. Rc1 Ne4 12. Bf4 f5 13. Nd2 Ndf6 14. Nxe4 Nxe4
15. f3 Nf6 16. Bg3 Qe8 17. Qb3 Rb8 18. Bd3 Qd7 19. Qc2 Bc6 20. e4 fxe4 21. fxe4
Nh5 22. d5 Ba4 23. Qe2 Nxg3 24. hxg3 e5 25. Qh5 Qe7 26. Rf3 Be8 27. Rxf8+ Qxf8
28. Qg4 Qe7 29. Rf1 Bd7 30. Qh5 Rf8 31. Rxf8+ Qxf8 32. Qf3 Qf6 33. Qh5 Qf7 34.
Qg5 Qf6 35. Qh5 1/2-1/2

[Event "28.Schlosspark-Open"]
[Site "Wiesbaden-Biebrich"]
[Date "2016.08.26"]
[Round "2.57"]
[White "Schmidt, Volker"]
[Black "Lorenz, Hermann"]
[Result "1-0"]
[WhiteElo "1909"]
[BlackElo "1663"]
[PlyCount "57"]
[EventDate "2016.??.??"]
[WhiteTeam "TuS Dotzheim"]
[BlackTeam "SF Mainz"]

1. c4 Nf6 2. g3 g6 3. Bg2 Bg7 4. Nc3 d6 5. e4 O-O 6. Nge2 e5 7. d3 c5 8. O-O
Nc6 9. h3 Nd4 10. Kh2 Ne8 11. f4 f5 12. Rb1 Nf6 13. b4 Rb8 14. fxe5 Nh5 15.
exd6 Qxd6 16. bxc5 Qd7 17. Nd5 Be5 18. Bf4 Bxf4 19. Nexf4 Nxf4 20. gxf4 Ne6 21.
e5 Kg7 22. d4 Rd8 23. Qd2 b5 24. Rb2 Ba6 25. Rfb1 Rb7 26. Qa5 Nc7 27. Nxc7 Rxc7
28. cxb5 Bb7 29. c6 1-0

[Event "28.Schlosspark-Open"]
[Site "Wiesbaden-Biebrich"]
[Date "2016.08.26"]
[Round "2.58"]
[White "Stork, Christopher"]
[Black "Erlekam, Simon"]
[Result "0-1"]
[WhiteElo "1654"]
[BlackElo "1799"]
[PlyCount "82"]
[EventDate "2016.??.??"]
[WhiteTeam "SV Oberursel"]
[BlackTeam "SK Gau-Algesheim"]

1. e4 c5 2. Nf3 Nc6 3. d4 cxd4 4. Nxd4 Nf6 5. Nc3 e5 6. Ndb5 d6 7. Bg5 a6 8.
Na3 b5 9. Nd5 Be7 10. Bxf6 Bxf6 11. c4 b4 12. Nc2 a5 13. Nce3 Bg5 14. Bd3 O-O
15. O-O Bxe3 16. fxe3 Be6 17. Qf3 Nb8 18. b3 Nd7 19. Rad1 Bxd5 20. exd5 Nc5 21.
Bc2 a4 22. e4 axb3 23. Bxb3 Qb6 24. Kh1 Ra3 25. Rb1 Na4 26. Qf2 Qxf2 27. Rxf2
Nc3 28. Re1 Rfa8 29. Kg1 Kf8 30. Rc1 Nxe4 31. Re2 Nc5 32. Rb1 Nxb3 33. axb3 Ra1
34. Rxa1 Rxa1+ 35. Kf2 Rb1 36. Re3 f5 37. Kf3 g5 38. g4 f4 39. Rd3 Re1 40. Kf2
Rc1 41. Rd2 e4 0-1

[Event "28.Schlosspark-Open"]
[Site "Wiesbaden-Biebrich"]
[Date "2016.08.26"]
[Round "2.59"]
[White "FrÃ¶hlich-Dill, Astrid"]
[Black "Hegener, Daniel"]
[Result "1-0"]
[WhiteElo "1813"]
[BlackElo "1626"]
[PlyCount "53"]
[EventDate "2016.??.??"]
[WhiteTeam "SV Hofheim"]
[BlackTeam "SC Eschborn"]

1. d4 Nf6 2. c4 g6 3. Nc3 Bg7 4. e4 d6 5. Nf3 O-O 6. h3 e5 7. d5 h6 8. Be3 Nbd7
9. Bd3 Ne8 10. Qd2 Kh7 11. g4 Nb6 12. g5 h5 13. O-O-O Nd7 14. Ne2 Kg8 15. Ng3
Kh7 16. Nh4 Nc5 17. Bc2 f6 18. Qe2 fxg5 19. Nxg6 Rf7 20. Qxh5+ Kg8 21. Bxg5 Nf6
22. Qh4 Qe8 23. Rhg1 b5 24. Nh5 Nxh5 25. Qxh5 Rxf2 26. Bh6 Bxh6+ 27. Qxh6 1-0

[Event "28.Schlosspark-Open"]
[Site "Wiesbaden-Biebrich"]
[Date "2016.08.26"]
[Round "2.60"]
[White "Jakesevic, Ivan"]
[Black "Grieb, Lukas"]
[Result "0-1"]
[WhiteElo "1633"]
[BlackElo "1813"]
[PlyCount "52"]
[EventDate "2016.??.??"]
[WhiteTeam "FC Bierstadt"]
[BlackTeam "SK Gau-Algesheim"]

1. c4 e5 2. Nf3 Nc6 3. Nc3 d6 4. h3 Be6 5. e3 g6 6. b3 f5 7. d3 Bg7 8. Bb2 Bh6
9. Be2 Nf6 10. a3 a5 11. Qc2 Ne7 12. O-O O-O 13. Rad1 c6 14. Rfe1 Qc7 15. a4 d5
16. d4 e4 17. Nd2 f4 18. exf4 Qxf4 19. cxd5 cxd5 20. Ba3 Rf7 21. Nf1 Rc8 22.
Nh2 e3 23. f3 Qg3 24. Ng4 Bxg4 25. fxg4 Nxg4 26. hxg4 Rf2 0-1

[Event "28.Schlosspark-Open"]
[Site "Wiesbaden-Biebrich"]
[Date "2016.08.26"]
[Round "2.61"]
[White "Ebeling, Leander"]
[Black "Moseler, Thomas"]
[Result "0-1"]
[WhiteElo "1809"]
[BlackElo "1620"]
[PlyCount "94"]
[EventDate "2016.??.??"]
[WhiteTeam "SK Mainaschaff"]
[BlackTeam "SK Lister Turm"]

1. c4 e6 2. g3 d5 3. cxd5 exd5 4. Bg2 Nf6 5. Nf3 c6 6. d4 Be7 7. Nc3 O-O 8. O-O
Nbd7 9. b3 Re8 10. Bb2 h6 11. Rc1 Nh7 12. Na4 Ng5 13. Nxg5 Bxg5 14. e3 Be7 15.
Nc5 Nxc5 16. dxc5 Qa5 17. a3 Bf5 18. Qf3 Be6 19. Rfd1 Bf8 20. Rd4 Qd8 21. Qe2
Qg5 22. h4 Qe7 23. e4 dxe4 24. Rxe4 Rad8 25. Bh3 Qd7 26. Rd4 Qc8 27. Bxe6 Rxe6
28. Rxd8 Qxd8 29. Qd1 Qe8 30. b4 Re2 31. Bd4 Re7 32. Qd2 Rd7 33. Qb2 Qe4 34.
Be3 Be7 35. Qc2 Qd5 36. a4 a6 37. Qe2 Qd3 38. Qg4 Kf8 39. Qf4 Rd8 40. Qc7 Qd7
41. Qb6 Ra8 42. Bf4 Bd8 43. Bc7 Qxc7 44. Qxc7 Bxc7 45. Rd1 Rd8 46. Rb1 Rd5 47.
b5 axb5 0-1

[Event "28.Schlosspark-Open"]
[Site "Wiesbaden-Biebrich"]
[Date "2016.08.26"]
[Round "2.62"]
[White "BÃ¶rkey, Joel"]
[Black "Schmitt, Clemens"]
[Result "0-1"]
[WhiteElo "1598"]
[BlackElo "1802"]
[PlyCount "70"]
[EventDate "2016.??.??"]
[WhiteTeam "Wiesbadener SV"]
[BlackTeam "SV Bergwinkel"]

1. d4 Nf6 2. Bf4 g6 3. Nc3 d5 4. e3 Bg7 5. h3 O-O 6. Nf3 c5 7. Bd3 cxd4 8. exd4
a6 9. O-O Nc6 10. Qd2 Qb6 11. Be2 Bf5 12. Na4 Qd8 13. Nc5 Ne4 14. Qd1 Nxc5 15.
dxc5 e5 16. Bg3 h6 17. c3 Be6 18. Qc2 f5 19. Rfe1 e4 20. Nd2 f4 21. Bh2 f3 22.
gxf3 Qg5+ 23. Bg3 e3 24. fxe3 Qxg3+ 25. Kh1 Qxh3+ 26. Kg1 Qg3+ 27. Kh1 Rf5 28.
f4 d4 29. c4 Qh3+ 30. Kg1 Qxe3+ 31. Kh1 Rxf4 32. Bf3 Rh4+ 33. Kg2 Bh3+ 34. Kg3
Be5+ 35. Kxh4 Qg5+ 0-1

[Event "28.Schlosspark-Open"]
[Site "Wiesbaden-Biebrich"]
[Date "2016.08.26"]
[Round "2.63"]
[White "Weiland, Thomas"]
[Black "Deutsch, Volker"]
[Result "1-0"]
[WhiteElo "1800"]
[BlackElo "1600"]
[PlyCount "79"]
[EventDate "2016.??.??"]
[WhiteTeam "SV Oberursel"]
[BlackTeam "SK GrÃ¼ndau"]

1. e4 e5 2. Nf3 Nc6 3. d4 exd4 4. Nxd4 Bc5 5. Nxc6 Qf6 6. Qf3 Qxc6 7. Nc3 Bb4
8. Bd2 Nf6 9. Bd3 O-O 10. O-O Re8 11. Rfe1 a6 12. a3 Bd6 13. Nd5 Be5 14. c3 d6
15. Bg5 Nxd5 16. exd5 Qa4 17. Re4 Qd7 18. Rae1 f6 19. Bc1 Qf7 20. R4e3 Kh8 21.
c4 f5 22. b4 f4 23. R3e2 Bf5 24. Bxf5 Qxf5 25. Bxf4 Qf6 26. Qg3 Qf5 27. Bxe5
dxe5 28. Rxe5 Rxe5 29. Qxe5 Qxe5 30. Rxe5 Rd8 31. Kf1 Kg8 32. Ke2 Kf7 33. Ke3
Kf6 34. Ke4 Rd6 35. f4 c6 36. g4 g6 37. h4 b5 38. g5+ Kf7 39. cxb5 cxb5 40. Kd4
1-0

[Event "28.Schlosspark-Open"]
[Site "Wiesbaden-Biebrich"]
[Date "2016.08.26"]
[Round "2.64"]
[White "KÃ¶llner, Felicitas Ophelia"]
[Black "Schmieder, Stefan"]
[Result "0-1"]
[WhiteElo "1600"]
[BlackElo "1796"]
[PlyCount "106"]
[EventDate "2016.??.??"]
[WhiteTeam "SV Bergneustadt/Derschlag"]
[BlackTeam "SC Bad Soden"]

1. d4 d5 2. Nf3 Nf6 3. e3 e6 4. Bd3 c6 5. Nbd2 Nbd7 6. O-O Bd6 7. Re1 O-O 8. e4
dxe4 9. Nxe4 Nxe4 10. Bxe4 Nf6 11. Bd3 h6 12. c3 b6 13. Ne5 Bb7 14. h3 Qc7 15.
Qe2 c5 16. dxc5 Qxc5 17. Nf3 Rad8 18. Be3 Qc7 19. Rad1 Nd5 20. Nd4 Bf4 21. Bxf4
Nxf4 22. Qe5 Qxe5 23. Rxe5 Bxg2 24. h4 Nxd3 25. Rxd3 Bb7 26. Re1 Rd5 27. Red1
Rfd8 28. R3d2 e5 29. Nb3 Rxd2 30. Rxd2 Rxd2 31. Nxd2 f6 32. Kf1 Kf7 33. Ke2 Kg6
34. b4 Kh5 35. c4 Kxh4 36. c5 Kg4 37. a4 bxc5 38. bxc5 h5 39. Nb3 Ba6+ 40. Ke3
h4 41. c6 h3 42. c7 h2 43. Nc5 Bc8 44. f3+ Kh4 45. Ne4 h1=Q 46. a5 Qe1+ 47. Kd3
Qxa5 48. Ke3 Qxc7 49. Kd2 f5 50. Nf2 Ba6 51. Ke1 Qc3+ 52. Kd1 Qxf3+ 53. Ke1
Qe2# 0-1

[Event "28.Schlosspark-Open"]
[Site "Wiesbaden-Biebrich"]
[Date "2016.08.26"]
[Round "2.65"]
[White "Bjoerknes, Uwe"]
[Black "Masoudi, Kian"]
[Result "1/2-1/2"]
[WhiteElo "1793"]
[BlackElo "1594"]
[PlyCount "40"]
[EventDate "2016.??.??"]
[WhiteTeam "vereinslos"]
[BlackTeam "SC Bergen-Enkheim"]

1. f4 g6 2. Nf3 Bg7 3. e4 c6 4. Be2 d5 5. exd5 cxd5 6. O-O Qb6+ 7. d4 e6 8. c3
Ne7 9. Qb3 O-O 10. Qxb6 axb6 11. Na3 Bd7 12. Bb5 Nbc6 13. Ne5 Be8 14. Bd2 f6
15. Nf3 Nc8 16. Rfe1 Bd7 17. Nc2 Nd6 18. Bd3 Rfe8 19. Ne3 b5 20. b3 Ra7 1/2-1/2

[Event "28.Schlosspark-Open"]
[Site "Wiesbaden-Biebrich"]
[Date "2016.08.26"]
[Round "2.67"]
[White "Meding, Olaf"]
[Black "GieÃŸelbach, Christian"]
[Result "1-0"]
[WhiteElo "1790"]
[BlackElo "1588"]
[PlyCount "59"]
[EventDate "2016.??.??"]
[WhiteTeam "SF Mainz"]
[BlackTeam "TuS Dotzheim"]

1. d4 d5 2. Bf4 Nf6 3. e3 Bf5 4. Nf3 Nbd7 5. c4 dxc4 6. Bxc4 e6 7. Nc3 Bd6 8.
Bg5 h6 9. Bh4 c6 10. e4 g5 11. exf5 gxh4 12. fxe6 fxe6 13. Bxe6 Qe7 14. Qe2 Nf8
15. Bf5 Qxe2+ 16. Nxe2 N8h7 17. O-O Ng5 18. Nxh4 Kd8 19. Nc3 Kc7 20. Rfe1 Rad8
21. Rad1 b5 22. g3 Nf7 23. f4 a5 24. Ng6 Rhg8 25. Ne5 Rg7 26. Bh3 Bb4 27. a3
Bxc3 28. bxc3 Nd5 29. Nxf7 Rxf7 30. Be6 1-0

[Event "28.Schlosspark-Open"]
[Site "Wiesbaden-Biebrich"]
[Date "2016.08.26"]
[Round "2.68"]
[White "Hoppe, Florian"]
[Black "RoÃŸ, Norbert"]
[Result "0-1"]
[WhiteElo "1590"]
[BlackElo "1789"]
[PlyCount "48"]
[EventDate "2016.??.??"]
[WhiteTeam "SV Worms"]
[BlackTeam "SV Oberursel"]

1. d4 d5 2. c4 c6 3. Nf3 Nf6 4. e3 e6 5. Nc3 Nbd7 6. Bd3 dxc4 7. Bxc4 b5 8. Bd3
a6 9. O-O c5 10. e4 cxd4 11. Nxd4 Ne5 12. Be2 Bb7 13. Nf3 Qxd1 14. Rxd1 Nxf3+
15. Bxf3 Bb4 16. Re1 O-O 17. Bg5 Nd7 18. Bf4 Nc5 19. Bd6 Rfc8 20. Re3 Bxc3 21.
bxc3 Na4 22. Rc1 Rc4 23. Kf1 Rac8 24. Bb4 Rxb4 0-1

[Event "28.Schlosspark-Open"]
[Site "Wiesbaden-Biebrich"]
[Date "2016.08.26"]
[Round "2.69"]
[White "Reinecke, Katharina"]
[Black "KÃ¼nne, Lutz Dieter"]
[Result "1-0"]
[WhiteElo "1788"]
[BlackElo "1574"]
[PlyCount "59"]
[EventDate "2016.??.??"]
[WhiteTeam "SK Langen"]
[BlackTeam "KC Jena"]

1. d4 d5 2. c4 c6 3. Nf3 Nf6 4. b3 e6 5. Nc3 Nbd7 6. e3 b6 7. Bb2 Bb7 8. Bd3
Rc8 9. O-O Bd6 10. Qe2 O-O 11. Rad1 c5 12. cxd5 Nxd5 13. Ne4 Be7 14. dxc5 Nxc5
15. Nxc5 Bxc5 16. Bb1 Qe7 17. Qd3 g6 18. Ne5 Qg5 19. Nf3 Qh6 20. Rc1 Rcd8 21.
Nd4 Rfe8 22. Qe4 Bd6 23. Nf3 Bc5 24. Rfe1 Re7 25. Qh4 Qxh4 26. Nxh4 Red7 27.
Nf3 Bf8 28. Ne5 Rc7 29. Red1 Bg7 30. Rxc7 1-0

[Event "28.Schlosspark-Open"]
[Site "Wiesbaden-Biebrich"]
[Date "2016.08.26"]
[Round "2.70"]
[White "Viol, Julius"]
[Black "Paeslack, Luis"]
[Result "1/2-1/2"]
[WhiteElo "1586"]
[BlackElo "1784"]
[PlyCount "40"]
[EventDate "2016.??.??"]
[WhiteTeam "FC Bierstadt"]
[BlackTeam "SK Mainaschaff"]

1. c4 c5 2. g3 g6 3. Bg2 Bg7 4. Nc3 e6 5. e4 Ne7 6. Nge2 Nbc6 7. O-O O-O 8. a3
b6 9. Rb1 Bb7 10. b4 cxb4 11. axb4 a5 12. b5 Nd4 13. Nxd4 Bxd4 14. Ne2 Bg7 15.
Ba3 Re8 16. d4 d6 17. Rc1 Qd7 18. Qb3 Rab8 19. Rfd1 Ba8 20. Rc2 Red8 1/2-1/2

[Event "28.Schlosspark-Open"]
[Site "Wiesbaden-Biebrich"]
[Date "2016.08.26"]
[Round "2.71"]
[White "Poetsch, Leonore"]
[Black "Bonrath, Werner"]
[Result "1-0"]
[WhiteElo "1777"]
[BlackElo "1552"]
[PlyCount "69"]
[EventDate "2016.??.??"]
[WhiteTeam "SK Langen"]
[BlackTeam "SK Ebringen"]

1. e4 c5 2. Nf3 d6 3. d4 cxd4 4. Nxd4 Nf6 5. Nc3 a6 6. Bg5 e6 7. f4 Be7 8. Qf3
Nbd7 9. O-O-O Qc7 10. g4 b5 11. Bg2 Bb7 12. a3 O-O 13. h4 e5 14. Nf5 Nc5 15.
Bxf6 Bxf6 16. Nxd6 exf4 17. Nxb7 Qxb7 18. Nd5 Be5 19. Nxf4 Rac8 20. Nd5 Rfe8
21. Kb1 a5 22. c3 b4 23. cxb4 axb4 24. Nxb4 Na4 25. Rd2 Rc4 26. Qb3 Nb6 27.
Rhd1 Qc8 28. Nd3 Bc7 29. Qb5 Qb8 30. g5 Rd4 31. Nc5 Rxd2 32. Rxd2 Rd8 33. Na6
Qc8 34. Rxd8+ Bxd8 35. Qe8# 1-0

[Event "28.Schlosspark-Open"]
[Site "Wiesbaden-Biebrich"]
[Date "2016.08.26"]
[Round "2.72"]
[White "KÃ¼nitz, Klaus"]
[Black "Wachsmann, Elmar"]
[Result "1-0"]
[WhiteElo "1775"]
[BlackElo "1549"]
[PlyCount "40"]
[EventDate "2016.??.??"]
[WhiteTeam "TSV Schott Mainz"]
[BlackTeam "SC GroÃŸ-Umstadt"]

1. e4 e5 2. Nc3 Bc5 3. Nf3 d6 4. Be2 Nf6 5. O-O O-O 6. d3 h6 7. a3 Nc6 8. b4
Bd4 9. Bb2 Bg4 10. h3 Bxf3 11. gxf3 Nh5 12. Kh2 Qh4 13. Rg1 Bxf2 14. Rg4 Bg3+
15. Kg2 Nf4+ 16. Rxf4 Bxf4 17. Qe1 Qg5+ 18. Kh1 Nd4 19. Qd1 Qg3 20. Qf1 Qh2#
1-0

[Event "28.Schlosspark-Open"]
[Site "Wiesbaden-Biebrich"]
[Date "2016.08.26"]
[Round "2.73"]
[White "KnÃ¶dler, Marcel"]
[Black "Meaubert, Thomas"]
[Result "1/2-1/2"]
[WhiteElo "1535"]
[BlackElo "1773"]
[PlyCount "103"]
[EventDate "2016.??.??"]
[WhiteTeam "FC Bierstadt"]
[BlackTeam "SC Pirmasens"]

1. d4 e6 2. Nf3 Nf6 3. e3 d5 4. c4 Nc6 5. a3 a6 6. Nc3 dxc4 7. Bxc4 Bd6 8. O-O
O-O 9. Qc2 h6 10. b4 e5 11. d5 Ne7 12. e4 b5 13. Bb3 Bd7 14. Bb2 Nh7 15. Nd2
Ng6 16. Ne2 Qe7 17. Qd3 Nh4 18. Rac1 g5 19. Kh1 Rfe8 20. Ng3 Nf8 21. Ne2 Rec8
22. Rc3 a5 23. bxa5 Rxa5 24. Rfc1 Nh7 25. Nf1 Nf6 26. Ne3 Ne8 27. Ng3 Bxa3 28.
Bxa3 Rxa3 29. d6 Nxd6 30. Bxf7+ Qxf7 31. Rxa3 Be6 32. Qc3 Qf4 33. Qd3 Nc4 34.
Rac3 Qxf2 35. Rf1 Qxe3 36. Qxe3 Nxe3 37. Rxe3 Kg7 38. Nf5+ Nxf5 39. exf5 Bc4
40. Rfe1 Kf6 41. Rxe5 c6 42. Rc5 Bd5 43. Rd1 Re8 44. Kg1 Re5 45. g4 Ke7 46. Kf2
Kd6 47. Rdc1 Re4 48. h3 h5 49. gxh5 Rf4+ 50. Kg3 Rxf5 51. Kg4 Re5 52. h6
1/2-1/2

[Event "28.Schlosspark-Open"]
[Site "Wiesbaden-Biebrich"]
[Date "2016.08.26"]
[Round "2.74"]
[White "Busch, GÃ¼nther"]
[Black "Krischak, Werner"]
[Result "1-0"]
[WhiteElo "1572"]
[BlackElo "1767"]
[PlyCount "45"]
[EventDate "2016.??.??"]
[WhiteTeam "FC Bierstadt"]
[BlackTeam "SK Marburg"]

1. g3 d5 2. Bg2 Nf6 3. d3 c6 4. e3 Bg4 5. Ne2 e5 6. a3 Bd6 7. b3 O-O 8. h3 Bxe2
9. Qxe2 Re8 10. O-O Nbd7 11. Nd2 Qc7 12. e4 d4 13. Nc4 Bf8 14. f4 b5 15. fxe5
bxc4 16. exf6 cxd3 17. cxd3 Nxf6 18. Bf4 Qb6 19. Qb2 Nd7 20. b4 Ne5 21. Bxe5
Rxe5 22. Qb3 a5 23. Qxf7+ 1-0

[Event "28.Schlosspark-Open"]
[Site "Wiesbaden-Biebrich"]
[Date "2016.08.26"]
[Round "2.75"]
[White "Papadopoulos, Ioannis"]
[Black "Mayer, Rolf"]
[Result "1-0"]
[WhiteElo "1762"]
[BlackElo "1510"]
[PlyCount "49"]
[EventDate "2016.??.??"]
[WhiteTeam "SV Oberursel"]
[BlackTeam "SC FlÃ¶rsheim"]

1. e4 d6 2. d4 Nf6 3. Nc3 g6 4. f4 Bg7 5. Nf3 O-O 6. h3 c5 7. Be3 Qa5 8. Qd2
cxd4 9. Nxd4 Nc6 10. Nb3 Qd8 11. O-O-O Be6 12. Nd4 Nxd4 13. Bxd4 a6 14. g4 b5
15. f5 Bc4 16. Bxc4 bxc4 17. g5 Nd7 18. Bxg7 Kxg7 19. h4 Ne5 20. h5 Rc8 21.
hxg6 hxg6 22. Nd5 Nd7 23. f6+ exf6 24. gxf6+ Nxf6 25. Qh6+ 1-0

[Event "28.Schlosspark-Open"]
[Site "Wiesbaden-Biebrich"]
[Date "2016.08.26"]
[Round "2.76"]
[White "Roth, Michael"]
[Black "Bratmann, Marc"]
[Result "0-1"]
[WhiteElo "1540"]
[BlackElo "1755"]
[PlyCount "84"]
[EventDate "2016.??.??"]
[WhiteTeam "SC Lerchenberg/ZMO"]
[BlackTeam "TuS Dotzheim"]

1. e4 c6 2. d4 d5 3. e5 c5 4. c4 cxd4 5. cxd5 Qxd5 6. Qc2 Qxe5+ 7. Be2 Bf5 8.
Nf3 Bxc2 9. Nxe5 Nc6 10. Bb5 Be4 11. f3 Bd5 12. Bf4 f6 13. Nd3 a6 14. Ba4 b5
15. Bb3 Bc4 16. Bxc4 bxc4 17. Nc5 e5 18. Ne6 Ke7 19. Nxf8 exf4 20. Nd2 Ne5 21.
O-O Kxf8 22. Rac1 Rc8 23. g3 Ne7 24. gxf4 Nd3 25. Rxc4 Rxc4 26. Nxc4 Nf5 27.
Rd1 Nxf4 28. Kh1 Kf7 29. Nd6+ Nxd6 30. Rxd4 Rc8 31. Rxf4 Rc1+ 32. Kg2 Rc2+ 33.
Kh3 Rxb2 34. Ra4 Rb6 35. Rd4 Ke6 36. Rg4 g6 37. a4 a5 38. f4 Rb4 39. Kg3 Kf5
40. Kh4 Rxf4 41. h3 Rxg4+ 42. hxg4+ Kf4 0-1

[Event "28.Schlosspark-Open"]
[Site "Wiesbaden-Biebrich"]
[Date "2016.08.26"]
[Round "2.77"]
[White "Hegener, Thorsten"]
[Black "Goodwin, David"]
[Result "1-0"]
[WhiteElo "1752"]
[BlackElo "1504"]
[PlyCount "105"]
[EventDate "2016.??.??"]
[WhiteTeam "SC Eschborn"]
[BlackTeam "SV Kelsterbach"]

1. d4 g6 2. c4 Bg7 3. Nf3 d6 4. Bf4 Nd7 5. Nc3 c5 6. e3 Ngf6 7. Qc2 b6 8. Bd3
Bb7 9. d5 a6 10. h3 b5 11. e4 bxc4 12. Bxc4 Nb6 13. Be2 Nfd7 14. O-O O-O 15.
Qd2 Ne5 16. Nxe5 dxe5 17. Be3 Qd6 18. Qc2 Rac8 19. Qb3 Rc7 20. Na4 Nxa4 21.
Qxa4 Ra8 22. Qa5 Rac8 23. Rfd1 Bf8 24. Rac1 e6 25. Bc4 exd5 26. Bxd5 Bxd5 27.
Rxd5 Qe6 28. b3 f5 29. f3 Rc6 30. Rcd1 f4 31. Bf2 Bd6 32. Rc1 Bc7 33. Qd2 Bb6
34. Qd3 c4 35. Rxc4 Bxf2+ 36. Kxf2 Rxc4 37. bxc4 Qb6+ 38. Kf1 Re8 39. Rd6 Qa5
40. Qd5+ Qxd5 41. cxd5 a5 42. Ra6 Rc8 43. Rxa5 Rc1+ 44. Kf2 Rc2+ 45. Kg1 h5 46.
h4 Kf7 47. a4 Rb2 48. Ra7+ Kf6 49. a5 Rb5 50. a6 Rb6 51. Ra8 Kf7 52. a7 Ra6 53.
Rh8 1-0

[Event "28.Schlosspark-Open"]
[Site "Wiesbaden-Biebrich"]
[Date "2016.08.26"]
[Round "2.78"]
[White "Deutsch, Oliver"]
[Black "Binner, Peter"]
[Result "0-1"]
[WhiteElo "1456"]
[BlackElo "1751"]
[PlyCount "93"]
[EventDate "2016.??.??"]
[WhiteTeam "SK GrÃ¼ndau"]
[BlackTeam "Vorw.Orient Mainz"]

1. e4 c5 2. Nf3 e6 3. d4 cxd4 4. Nxd4 a6 5. Nc3 Qc7 6. Be3 Nf6 7. Bd3 d6 8. O-O
Nbd7 9. Qd2 b6 10. Rae1 Bb7 11. f4 Nc5 12. f5 e5 13. Nf3 Ncxe4 14. Bxe4 Nxe4
15. Qd3 Nxc3 16. bxc3 Be7 17. Rb1 b5 18. Nd2 Qc6 19. Rf2 e4 20. Qd4 Bf6 21. Qb4
Bxc3 22. Qb3 d5 23. Rd1 O-O 24. Nb1 Bf6 25. Rfd2 Rfd8 26. Bd4 Rac8 27. c3 Qc4
28. Qc2 b4 29. Rc1 Bxd4+ 30. Rxd4 Qxd4+ 31. cxd4 Rxc2 32. Rxc2 Rc8 33. Rxc8+
Bxc8 34. g4 Kf8 35. Kf2 Ke7 36. Ke3 Kf6 37. Kf4 g5+ 38. Ke3 Ke7 39. Ke2 Kd6 40.
Kd2 Kc6 41. Kc2 Kb5 42. Kb3 a5 43. a3 a4+ 44. Kc2 bxa3 45. Nxa3+ Kb4 46. Nb1
Ba6 47. Kb2 0-1

[Event "28.Schlosspark-Open"]
[Site "Wiesbaden-Biebrich"]
[Date "2016.08.26"]
[Round "2.79"]
[White "Schreer, Maxima"]
[Black "Happel, Jonas"]
[Result "0-1"]
[WhiteElo "1422"]
[BlackElo "1745"]
[PlyCount "94"]
[EventDate "2016.??.??"]
[WhiteTeam "SC Hattersheim"]
[BlackTeam "SV Hofheim"]

1. d4 d5 2. c4 e6 3. e3 Nf6 4. Nd2 c6 5. c5 b6 6. b4 a5 7. bxa5 bxc5 8. Nb3 c4
9. Nd2 Qxa5 10. Qc2 Nbd7 11. Ngf3 Ne4 12. Be2 Nc3 13. Bb2 Nxe2 14. Kxe2 Ba6 15.
Bc3 Qc7 16. g3 Be7 17. Kf1 O-O 18. Kg2 Rfb8 19. Rhe1 Nb6 20. Ba5 Qc8 21. Reb1
Bb5 22. Bc3 Ba4 23. Qc1 Nd7 24. Ne1 Rxb1 25. Rxb1 Bb5 26. Ra1 Nb6 27. Nc2 Na4
28. Nb4 Nxc3 29. Qxc3 c5 30. Nc2 cxd4 31. Nxd4 Bf6 32. Rb1 Bd7 33. a3 Rb8 34.
Ra1 h6 35. a4 Qa6 36. a5 Qa8 37. N2f3 e5 38. Ne2 e4 39. Ne5 Rb3 40. Qd4 Rd3 41.
Qb2 c3 42. Qb4 Bxe5 43. a6 c2 44. a7 Bg4 45. Nc1 Bf3+ 46. Kh3 Qc8+ 47. Kh4 Qg4#
0-1

[Event "28.Schlosspark-Open"]
[Site "Wiesbaden-Biebrich"]
[Date "2016.08.26"]
[Round "2.80"]
[White "Polat, Marcel"]
[Black "Held, Gerd"]
[Result "1-0"]
[WhiteElo "1740"]
[BlackElo "1462"]
[PlyCount "43"]
[EventDate "2016.??.??"]
[WhiteTeam "Vorw.Orient Mainz"]
[BlackTeam "SC GroÃŸ-Zimmern"]

1. e4 c5 2. Nc3 g6 3. Nge2 Bg7 4. d3 Nc6 5. g3 Nf6 6. Bg2 O-O 7. O-O d6 8. Bd2
Rb8 9. a4 a6 10. Qc1 b5 11. axb5 axb5 12. f4 b4 13. Nd1 Bd7 14. f5 Qc7 15. Bh6
Ng4 16. Bxg7 Kxg7 17. Ne3 Nge5 18. Nd5 Qd8 19. Nxe7 Nxe7 20. f6+ Kg8 21. Qh6
Nf5 22. Rxf5 1-0

[Event "28.Schlosspark-Open"]
[Site "Wiesbaden-Biebrich"]
[Date "2016.08.26"]
[Round "2.81"]
[White "Gerber, Ingo"]
[Black "Mao, Yvonne"]
[Result "0-1"]
[WhiteElo "1324"]
[BlackElo "1733"]
[PlyCount "36"]
[EventDate "2016.??.??"]
[WhiteTeam "SF Mainz"]
[BlackTeam "SK Gernsheim"]

1. e4 c5 2. Nf3 a6 3. d4 cxd4 4. Nxd4 Nf6 5. Nc3 e5 6. Nf3 Bb4 7. Bd3 d5 8. Bd2
Bxc3 9. Bxc3 dxe4 10. Bb5+ axb5 11. Qxd8+ Kxd8 12. Nxe5 Be6 13. O-O-O+ Kc7 14.
a3 Nd5 15. h3 Nxc3 16. bxc3 Rxa3 17. Kb2 Ra2+ 18. Kb1 Nc6 0-1

[Event "28.Schlosspark-Open"]
[Site "Wiesbaden-Biebrich"]
[Date "2016.08.26"]
[Round "2.82"]
[White "Kirchner, Markus"]
[Black "Metzdorf, Matteo"]
[Result "1-0"]
[WhiteElo "1711"]
[BlackElo "1211"]
[PlyCount "123"]
[EventDate "2016.??.??"]
[WhiteTeam "SF SchÃ¶neck"]
[BlackTeam "SG Trier"]

1. e4 Nc6 2. Nf3 d5 3. exd5 Qxd5 4. Nc3 Qh5 5. Be2 Bg4 6. h3 O-O-O 7. Ne4 Ne5
8. Ng3 Nxf3+ 9. gxf3 Qd5 10. fxg4 e5 11. O-O Bc5 12. Bf3 Qe6 13. Be4 Kb8 14. d3
Nf6 15. Qf3 Nxe4 16. Nxe4 Be7 17. Be3 a6 18. Bc5 Bxc5 19. Nxc5 Qb6 20. Nb3 f6
21. Qe3 Qb5 22. a4 Qd5 23. Qe4 Qxe4 24. dxe4 Rd6 25. f3 Rc6 26. Rac1 Rc4 27. a5
Rd8 28. Kf2 Rd6 29. Ke3 Kc8 30. Rf2 Kd7 31. Rd2 Rxd2 32. Kxd2 Kd6 33. Kd3 Rc6
34. c4 Ke6 35. Kc3 Kf7 36. Rd1 Kg6 37. h4 h5 38. Rd5 hxg4 39. fxg4 Kh6 40. Nd2
g5 41. h5 Rd6 42. Rxd6 cxd6 43. c5 dxc5 44. Kc4 f5 45. exf5 Kg7 46. Kxc5 e4 47.
Nxe4 Kh6 48. Kb6 Kg7 49. Nxg5 Kh6 50. f6 Kxg5 51. f7 Kxg4 52. f8=R Kxh5 53. Kc5
b6+ 54. axb6 a5 55. Kd5 a4 56. Ke5 a3 57. bxa3 Kg4 58. Rf5 Kg3 59. b7 Kg2 60.
b8=R Kg3 61. Rg8+ Kh3 62. Rh5# 1-0

[Event "28.Schlosspark-Open"]
[Site "Wiesbaden-Biebrich"]
[Date "2016.08.26"]
[Round "2.83"]
[White "Reinecke, Alexander"]
[Black "van BÃ¶mmel, Philipp"]
[Result "1/2-1/2"]
[WhiteElo "1118"]
[BlackElo "1730"]
[PlyCount "31"]
[EventDate "2016.??.??"]
[WhiteTeam "SK Langen"]
[BlackTeam "SC Hattersheim"]

1. e4 e6 2. d4 d5 3. exd5 exd5 4. Nf3 Bd6 5. Nc3 c6 6. Bd3 Ne7 7. Ne2 Qc7 8.
Ng3 h5 9. Nh4 Bg4 10. Be2 Nd7 11. Bxg4 hxg4 12. Qxg4 O-O-O 13. Nhf5 Nxf5 14.
Qxf5 Bxg3 15. fxg3 Rxh2 16. O-O 1/2-1/2